LEADER 01389nam a2200325 u 4500 001 000000006899 003 CaOOAMICUS 005 20070226104926.0 008 950424s1942 it u000 u ita u 035 $a10180578 040 $aIAR$bita 100 1 $aBrezzi, Paolo,$d1910-1998.$0(OLS)http://pul/name/724 245 13$aLa diplomazia pontificia /$cPaolo Brezzi. 260 $aMilano :$bIstituto per gli studi di Politica Internazionale,$c1942. 300 $a449 p. ;$c21 cm 490 1 $aLa diplomazia italiana 504 $a"Bibliografia": p. 34-39. 610 14$aSanta Sede.$0(OLS)http://pul/subject/2737 650 4$aDiplomazia pontificia.$0(OLS)http://pul/subject/4667 830 3$aLa diplomazia italiana.$0(OLS)http://pul/title/10127 850 $aPUL 852 $aPUL$W1$xDP2 Diritto Canonico 1$y64$m147 F 30$j9724$nBK-PRI$qStampati$B9724$CPULBib$Z2$F9724 $82 852 $aPUL$W1$xDP1 Fondo Ciprotti$y59$m1541 A 15$j9725$nBK-PRI$b $qFondi$B9725$CPULBib$Z2$F9725 $H $81 941 1 $a8 941 1 $a1 960 $aSanta Sede$xRelazioni diplomatiche$94667 960 $aSanta Sede$xRelazioni diplomatiche$94667 961 $aINV: F.Ciprotti. 996 $6245$aLa diplomazia pontificia$9(OLS)http://pul/title/10126 996 $6260$aMilano :$bIstituto per gli studi di Politica Internazionale$9(OLS)http://pul/publisher/54352 LEADER 01143nam a2200265 u 4500 001 000000064284 003 CaOOAMICUS 005 20070226121335.0 008 011116s1982 fr u000 u fre u 020 $a2701010357 035 $a10910103 040 $aPUL(R)$bita 100 1 $aHaubtmann, Pierre.$0(OLS)http://pul/name/43469 245 10$aPierre-Joseph Proudhon :$bsa vie et sa pensée (1809-1849) /$cpar Pierre Haubtmann. 300 $a1140 p. :$bant. (ritr.), ill. ;$c25 cm 490 1 $aBibliothèque des Archives de philosophie.$aNouv. sér ;$v36 504 $aBibliografia in nota. 600 14$aProudhon, Pierre Joseph,$d1809-1865.$0(OLS)http://pul/subject/7214 830 0$aBibliothèque des Archives de philosophie.$nNouv. sér ;$v36.$0(OLS)http://pul/title/16086 850 $aPUL 852 $aPUL$W1$xSL Filosofia 1$y2$m85 E 58$j83353$nBK-PRI$b $qStampati$B83353$CPULBib$Z2$F83353 $H $81 941 1 $a8 961 $aINV: 50476 996 $6020$a2701010357$9(OLS)http://pul/number/83439 996 $6245$aPierre-Joseph Proudhon :$bsa vie et sa pensée (1809-1849)$9(OLS)http://pul/title/85678